00910nmm a2200277 a 4500003000900000005001700009008004100026020001800067040001300085100003200098245009700130260004000227300002700267500007100294650003500365650002900400650002900429650001900458650002000477650002000497650001500517650002900532650002700561650001900588700002500607AR-BaBNM20251128204244.0175019s1994 ||||||||||||||000 | spa|| a950-692-030-3 cAR-BaBNM1 aPorro Girardi, Nelly Raquel10aLo suntuario en la vida cotidiana del Buenos Aires virreinalbde lo material a lo espiritual aBuenos AiresbPRHISCO-CONICETc1994 a493 p.btablas, diagr. aContiene: vocabularios de platería, de alhajas y de imaginería 4aVIRREINATO DEL RIO DE LA PLATA 4aHISTORIA DE BUENOS AIRES 4aCOSTUMBRES Y TRADICIONES 4aVIDA COTIDIANA 4aCALIDAD DE VIDA 4aESTILOS DE VIDA 4aDOCUMENTOS 4aTRABAJO DE INVESTIGACION 4aINVESTIGACION CULTURAL 4aARTE RELIGIOSO1 aBarbero, Estela Rosa